Capitales avec la lettre H comme troisième lettre - Statistiques

Statistiques générales
  • Ce quiz a été pris 110 fois
  • Le résultat moyen est 3 sur 5
Statistiques - réponses
Réponse % Correct
Athènes
79%
Téhéran
70%
Achgabat
67%
La Havane
59%
Doha
54%
Aucun quiz correspondant
Distribution des résultats
% des personnes avec chaque résultat
Percentile par nombre de réponses
Votre historique - résultats
Vous n’avez pas pris ce quiz